|
|
|
|
| LEADER |
00000nam0a2200000 4500 |
| 001 |
30654 |
| 005 |
20260403143504.0 |
| 035 |
|
|
|a (RuTPU)RU\TPU\book\30927
|
| 035 |
|
|
|a BOOK00000005
|
| 090 |
|
|
|a 30654
|
| 100 |
|
|
|a 20011209d2001 m y0rusy50 ca
|
| 101 |
0 |
|
|a rus
|
| 102 |
|
|
|a RU
|
| 105 |
|
|
|a y j 001zy
|
| 200 |
1 |
|
|a Базы данных и знаний
|e учебное пособие: дистанционное образование
|f И. Л. Чудинов
|g Томский политехнический университет
|
| 210 |
|
|
|a Томск
|c Изд-во ТПУ
|d 2001
|
| 215 |
|
|
|a 99 с.
|
| 320 |
|
|
|a Библиогр.: с. 99.
|
| 610 |
1 |
|
|a программирование
|
| 610 |
1 |
|
|a базы данных
|
| 610 |
1 |
|
|a данные
|
| 610 |
1 |
|
|a модели
|
| 610 |
1 |
|
|a реляционная модель
|
| 610 |
1 |
|
|a управление
|
| 610 |
1 |
|
|a СУБД
|
| 610 |
1 |
|
|a дистанционное образование
|
| 610 |
1 |
|
|a учебные пособия
|
| 675 |
|
|
|a 681.3.016(075.8)
|v 3
|
| 700 |
|
1 |
|a Чудинов
|b И. Л.
|c специалист в области информатики и вычислительной техники
|c доцент Томского политехнического университета, кандидат технических наук
|f 1945-2021
|g Игорь Леонидович
|3 (RuTPU)RU\TPU\pers\25955
|9 11805
|
| 712 |
0 |
2 |
|a Томский политехнический университет (ТПУ)
|b Институт дистанционного образования (ИДО)
|3 (RuTPU)RU\TPU\col\12625
|
| 801 |
|
0 |
|a RU
|b 63413507
|c 20011209
|g PSBO
|
| 801 |
|
2 |
|a RU
|b 63413507
|c 20170111
|g PSBO
|
| 942 |
|
|
|c BK
|